NFL Rushing Leaders: New England Patriots - Statistics

General Stats
  • This quiz has been taken 31 times
  • The average score is 4 of 10
Answer Stats
Rank Player Yards Years w/ Team % Correct
8 CoreyDillon 3180 2004-2006
93%
10 LeGarrette Blount 2917 2013-2016
74%
4 CurtisMartin 3799 1995-1997
67%
5 KevinFaulk 3607 1999-2011
44%
1 SamCunningham 5453 1973-1982
41%
7 JohnStephens 3249 1988-1992
22%
2 JimNance 5323 1965-1971
15%
9 LarryGarron 2981 1960-1968
4%
3 TonyCollins 4647 1981-1987
4%
6 Don Calhoun 3391 1975-1981
0%
No matching quizzes found
Score Distribution
Percent of People with Each Score
Percentile by Number Answered
Your Score History
You have not taken this quiz